000 00737cam a22002533a 4500
001 7791
003 PGUSA
005 20140828083149.0
008 050301s2005||||xxu|||||s|||||000 1 eng d
040 _aPGUSA
_beng
042 _adc
050 4 _aPT
100 1 _aAndersen Nexø, Martin,
_d1869-1954
245 1 0 _aPelle the Conqueror — Volume 01
_h[electronic resource] /
_cMartin Andersen Nexø
260 _bProject Gutenberg,
_c2005
506 _aPublic domain in the USA.
516 _aElectronic text
653 _aImmigrants -- Denmark -- Fiction
653 _aFathers and sons -- Fiction
700 1 _aMuir, Jessie
830 0 _aProject Gutenberg
_v7791
856 4 0 _uhttp://www.gutenberg.org/ebooks/7791
942 _cEB
999 _c237091
_d237091